| 000 | 00973nam a2200253Ia 4500 | ||
|---|---|---|---|
| 003 | OSt | ||
| 005 | 20221005103328.0 | ||
| 006 | a|||||r|||| 00| 0 | ||
| 007 | ta | ||
| 008 | 221004b |||||||| |||| 00| 0 hin d | ||
| 024 | _a30909 | ||
| 037 | _cTextual | ||
| 040 |
_aCRL _cCRL _bhin |
||
| 041 |
_2hin _ahin |
||
| 082 | _aTOBS, 152M2 | ||
| 100 | _aस्टीफन्स, जे. एम. | ||
| 245 | 0 | _aशिक्षा मनोविज्ञान - शैक्षणिक विकास का अध्ययन | |
| 246 | _aShikṣhā manovijnyān - shaikṣhaṇik vikās kā adhyayana | ||
| 250 | _aद्वितीय हिन्दी संस्करण | ||
| 260 |
_aचण्डीगढ _bहरियाणा साहित्य अकादमी भारत _c1982 |
||
| 300 |
_a900पृ. _ccm. |
||
| 942 |
_hTOBS, 152M2 _cTEXL _2cc |
||
| 999 |
_c1009848 _d1009848 |
||